ARRUPE JESUIT UNIVERSITY

CORONAVIRUS -STOP THE SPREAD - CLEAN,DISINFECT,COVER

Art, mind, and brain : (Record no. 121996)

MARC details
000 -LEADER
fixed length control field 01141cam a2200373 a 4500
001 - CONTROL NUMBER
control field 198730
003 - CONTROL NUMBER IDENTIFIER
control field ARRUPE
005 - DATE AND TIME OF LATEST TRANSACTION
control field 20150209164745.0
008 - FIXED-LENGTH DATA ELEMENTS--GENERAL INFORMATION
fixed length control field 830209s1982 nyua b 001 0 eng
010 ## - LIBRARY OF CONGRESS CONTROL NUMBER
LC control number 82070846
020 ## - INTERNATIONAL STANDARD BOOK NUMBER
International Standard Book Number 046500444X :
Terms of availability $20.00
020 ## - INTERNATIONAL STANDARD BOOK NUMBER
International Standard Book Number 0465004458 (pbk.)
020 ## - INTERNATIONAL STANDARD BOOK NUMBER
International Standard Book Number 9780465004454 (pbk.)
035 ## - SYSTEM CONTROL NUMBER
System control number (OCoLC)8590445
035 ## - SYSTEM CONTROL NUMBER
System control number (OCoLC)ocm08590445
035 ## - SYSTEM CONTROL NUMBER
System control number (NNC)198730
040 ## - CATALOGING SOURCE
Transcribing agency arrupe
050 0# - LIBRARY OF CONGRESS CALL NUMBER
Classification number BF411
Item number .G37 1982
082 0# - DEWEY DECIMAL CLASSIFICATION NUMBER
Classification number 700/.1/9
Edition number 19
090 ## - LOCALLY ASSIGNED LC-TYPE CALL NUMBER (OCLC); LOCAL CALL NUMBER (OCLC)
Classification number (OCLC) (R) ; Classification number, CALL (RLIN) (NR) BF411
Local cutter number (OCLC) ; Book number/undivided call number, CALL (RLIN) .G37 1982
300 ## - PHYSICAL DESCRIPTION
Other physical details ill. ;
Dimensions 24 cm.
100 1# - MAIN ENTRY--PERSONAL NAME
Personal name Gardner, Howard,
Dates associated with a name 1943-
9 (RLIN) 13028
245 10 - TITLE STATEMENT
Title Art, mind, and brain :
Remainder of title a cognitive approach to creativity /
Statement of responsibility, etc Howard Gardner.
260 ## - PUBLICATION, DISTRIBUTION, ETC. (IMPRINT)
Place of publication, distribution, etc New York :
Name of publisher, distributor, etc Basic Books,
Date of publication, distribution, etc c1982.
300 ## - PHYSICAL DESCRIPTION
Extent xx, 380 p. :
500 ## - GENERAL NOTE
General note Includes indexes.
504 ## - BIBLIOGRAPHY, ETC. NOTE
Bibliography, etc Bibliography: p. 369-371.
650 #0 - SUBJECT ADDED ENTRY--TOPICAL TERM
Topical term or geographic name as entry element Creative ability.
9 (RLIN) 14958
650 #0 - SUBJECT ADDED ENTRY--TOPICAL TERM
Topical term or geographic name as entry element Creative ability in children.
9 (RLIN) 14959
650 #0 - SUBJECT ADDED ENTRY--TOPICAL TERM
Topical term or geographic name as entry element Creation (Literary, artistic, etc.)
9 (RLIN) 14960
650 #0 - SUBJECT ADDED ENTRY--TOPICAL TERM
Topical term or geographic name as entry element Creative thinking.
9 (RLIN) 14961
650 #0 - SUBJECT ADDED ENTRY--TOPICAL TERM
Topical term or geographic name as entry element Brain
General subdivision Localization of functions.
9 (RLIN) 14962
942 ## - ADDED ENTRY ELEMENTS (KOHA)
Source of classification or shelving scheme Library of Congress Classification
Koha item type Monograph ( Printed materials)
Holdings
Withdrawn status Lost status Source of classification or shelving scheme Damaged status Not for loan Collection code Home library Current library Shelving location Date acquired Total Checkouts Full call number Barcode Date last seen Price effective from Koha item type
    Library of Congress Classification     Main Collection ARRUPE LIBRARY ARRUPE LIBRARY Main Collection 09/02/2015   BF411 .G37 1982 46500002966 12/09/2016 09/02/2015 Monograph ( Printed materials)

 

Arrupe Library. PO Box MP320 Mt Pleasant, Harare, Zimbabwe
263 242 745411|librarian@aju.ac.zw